Sustainable measures : evaluation and reporting of environmental and social performance

Αποθηκεύτηκε σε:
Λεπτομέρειες βιβλιογραφικής εγγραφής
Άλλοι συγγραφείς: Bennett, Martin (Martin D.) (Επιμελητής έκδοσης), James, Peter, 1953- (Επιμελητής έκδοσης)
Μορφή: Βιβλίο
Γλώσσα:English
Δημοσίευση: Sheffield : Greenleaf, 1999.
Θέματα:
Ετικέτες: Προσθήκη ετικέτας
Δεν υπάρχουν, Καταχωρήστε ετικέτα πρώτοι!

MARC

LEADER 00000cam a2200000 i 4500
001 1/97430
008 991222s1999 enk| ||| |||| ||eng||
020 |a 1874719160 
035 |l 10056131 
040 |a GR-MyUa  |b gre  |e AACR2 
041 0 |a eng 
082 7 |a 333.7   |2 (22) 
245 0 0 |a Sustainable measures :   |b evaluation and reporting of environmental and social performance /   |c edited by Martin Bennett and Peter James. 
260 |a Sheffield :   |b Greenleaf,   |c 1999. 
300 |a 586 σ. :   |b πίνακες ;   |c 24 εκ. 
504 |a Περιλαμβάνει βιβλιογραφικές παραπομπές και ευρετήριο. 
650 0 |a Environmental protection. 
650 0 |a Environmental policy. 
650 0 |a Social policy. 
700 1 |a Bennett, Martin   |d (Martin D.)  |e edt 
700 1 |a James, Peter,   |d 1953-  |e edt 
852 |a INST  |b LESVOS  |e 19991222  |h 333.7 SUS  |p 005100025993  |q 005100025993  |t BK  |y 0 
901 |a BIBL1-2000-2 
922 |a 1ΕΛΗ  |b 199912  |c ΚΠΣ/ΠΜΣ  |d ΠΑΠΑΣΩΤΗΡΙΟΥ 
950 |a 157-1999-06-21 
970 |a ΚΑΜΑΤΣΟΥ  |b ΔΕΣΠΟΙΝΑ  |z 2000/06/08